000 00640cam a22001934a 4500
005 20250605163447.0
008 250528s ||||||||||||||||||||||||d
035 _a19704
020 _a9600102643
040 _aGR-AtMCL
_bgre
_dGR-AtMCL
_eAACR2
245 1 _aΗ ΕΙΔΙΚΗ ΕΚΠΑΙΔΕΥΣΗ ΣΤΗΝ ΕΛΛΑΔΑ / ΑΝΤΙΛΗΨΕΙΣ, ΘΕΣΜΟΙ ΚΑΙ ΠΡΑΚΤΙΚΕΣ / ΚΡΑΤΟΣ ΚΑΙ ΙΔΙΩΤΙΚΗ ΠΡΩΤΟΒΟΥΛΙΑ (1906-1989)
250 _a1
260 _bGutenberg,
_c1991
300 _a318
700 1 _aΣτασινος Δημητρης Π
942 _cBK
999 _c4960
_d4960